Współczesne państwa kontrolowane przez Majów - Statystyki

Ogólne statystyki
  • Ten quiz został rozwiązany 4 099 razy
  • Średni wynik to 5 z 5
Odpowiedzi na mapie
Odpowiedzi zakodowano w zielono-czerwonej skali na mapie do tego quizu, zgodnie z poniższymi procentami.
 
Statystyki odpowiedzi
Państwo % Poprawnych
Honduras
92%
Gwatemala
91%
Belize
90%
Salwador
90%
Meksyk
89%
Nie znaleziono quizów pasujących do podanych kryteriów
Rozkład punktacji
Procent ludzi z każdym wynikiem
Percentyl według liczby udzielonych odpowiedzi
Twoja historia wyników
Nie rozwiązałeś tego quizu